| 000 | 00901nam a22002535a 4500 | ||
|---|---|---|---|
| 005 | 20161109113702.0 | ||
| 008 | 161023t2015 nju frb 001 0 eng d | ||
| 020 | _a9781118972212 | ||
| 040 |
_aEG-ScBUE _beng _cEG-ScBUE _dEG-ScBUE |
||
| 082 | 0 | 4 |
_222 _a346.7308 _bKOT |
| 100 | 1 | _aKotz, H. David. | |
| 245 | 1 | 0 |
_aFinancial regulation and compliance : _bhow to manage competing and overlapping regulatory oversight / _cH. David Kotz. |
| 260 |
_aHoboken : _bJohn Wiley & Sons, _cc.2015. |
||
| 300 |
_axxv, 222 p. ; _c25 cm. |
||
| 490 | 0 | _aWily Finance Series | |
| 500 | _aIndex : p. 217-222. | ||
| 504 | _aIncludes bibliographical references. | ||
| 590 | _aSuzan Ashmawy and revised by Rahma Essa. | ||
| 650 | 7 |
_2BUEsh _aFinancial institutions _zUnited States. _913153 |
|
| 650 | 7 |
_2BUEsh _aLaw and legislation. |
|
| 651 | _2BUEsh | ||
| 653 |
_bBUSECO _cOctober2016 _cNovember2016 |
||
| 942 | _2ddc | ||
| 999 |
_c22780 _d22752 |
||